• 首页
  • 本馆介绍
  • 公告通知
  • 最新文献
  • 馆藏检索
  • 电子资源
  • 读者荐购
  • 参考咨询
  • CALIS
  • 我的图书馆
  • 登录
  • 详细信息显示
  • 放入我的书架
  • 预约/预借图书
  • 作者相关作品
  • 分类相关作品
  • 丛书相关作品
  • 出版社相关作品

书目信息

  • 表格格式
  • 工作单格式
  • 卡片格式
题名:
菲利普·考克斯的作品与思想
    
 
作者: ;大师系列丛书编辑部 编著
分册: 第二辑  
出版信息: 北京   中国电力出版社  2006.01
页数: 182页
开本: 26cm
丛书名: 大师系列
单 册:
中图分类: TU206
科图分类:
主题词: 建筑设计--jian zhu she ji--作品集--澳大利亚--现代
电子资源:
ISBN: 7-5083-3470-1
 
 
 
 
 
000 01164nam 2200265 450
001 010241332024
005 20051219111746.45
010    @a7-5083-3470-1@dCNY48.00 (含光盘)
100    @a20051118d2006 km y0chiy0120 ea
101 0  @achi
102    @aCN@b110000
105    @aa z 000yd
200 1  @a菲利普·考克斯的作品与思想@Afei li pu·kao ke si de zuo pin yu si xiang@h第二辑@f大师系列丛书编辑部编著@Fda shi xi lie cong shu bian ji bu bian zhu
210    @a北京@c中国电力出版社@d2006.01
215    @a182页@c图@d26cm@e光盘1片
225 2  @a大师系列@Ada shi xi lie
307    @a光盘 ISBN : 7-900190-11-2
330    @a本书根据2005年全国房地产估价师执业考试大纲和考试用书编写而成,详尽、系统地概括了执业考试的考点。以精选的典型考生答疑为基础,突出考试难点、重点,解析热点疑问,掌握重要知识点。再辅以大量全真模拟试题进行强化训练,达到巩固知识,冲刺考试的效果。
410  0 @12001 @a大师系列
600  1 @a考克斯@Akao ke si@x生平事迹
606 0  @a建筑设计@Ajian zhu she ji@x作品集@y澳大利亚@z现代
690    @aTU206@v4
711 02 @a大师系列丛书编辑部@Ada shi xi lie cong shu bian ji bu@4编著
801  0 @aCN@bQSSK@c20051219
905    @a10447@dTU206@eD087
    
    菲利普·考克斯的作品与思想.第二辑/大师系列丛书编辑部编著.-北京:中国电力出版社,2006.01
    182页:图;26cm+光盘1片.-(大师系列)
    
    
    ISBN 7-5083-3470-1:CNY48.00 (含光盘)
    本书根据2005年全国房地产估价师执业考试大纲和考试用书编写而成,详尽、系统地概括了执业考试的考点。以精选的典型考生答疑为基础,突出考试难点、重点,解析热点疑问,掌握重要知识点。再辅以大量全真模拟试题进行强化训练,达到巩固知识,冲刺考试的效果。
●
相关链接 在E读中查询图书 在当当中查询图书 在豆瓣中查询图书


正题名:菲利普·考克斯的作品与思想     索取号:TU206/D087         预约/预借

序号 登录号 条形码 馆藏地/架位号 状态 备注
1 578357   205783570   建筑库101/ [索取号:TU206/D087] 在馆    
2 578358   205783589   建筑库101/ [索取号:TU206/D087] 在馆    
3 578359   205783598   建筑库101/101建筑库 40排5列2层/ [索取号:TU206/D087] 在馆    
河南城建学院图书馆 欢迎您!
大连网信软件有限公司© 版权所有